Leadership skills handbook:50 essential skills you need to be a leader. (Record no. 13894)

MARC details
000 -LEADER
fixed length control field 00501nam a2200181Ia 4500
008 - FIXED-LENGTH DATA ELEMENTS--GENERAL INFORMATION
fixed length control field 230917s9999||||xx |||||||||||||| ||und||
020 ## - ISBN
Price RS495
040 ## - CATALOGING SOURCE
-- 223193
Original cataloging agency VIVEKANANDA LIBRARY
041 ## - Language
-- English
082 ## - DDC NUMBER
Classification number 658.4092 O 2 L (2)
100 ## - MAIN ENTRY--PERSONAL NAME
Personal name Owen,Jo
245 #0 - TITLE STATEMENT
Title Leadership skills handbook:50 essential skills you need to be a leader.
250 ## - EDITION STATEMENT
Edition statement 2 ed.
260 ## - PUBLICATION, DISTRIBUTION, ETC. (IMPRINT)
Place of publication, distribution, etc London
Name of publisher, distributor, etc Kogan Page
Date of publication, distribution, etc 2012
300 ## - PHYSICAL DESCRIPTION
Pages Vii,256 p.
500 ## - GENERAL NOTE
General note 1868 20/01/2015 TB1028 29/01/2015 Main Budget
942 ## - ADDED ENTRY ELEMENTS (KOHA)
Koha item type Books
Holdings
Withdrawn status Lost status Damaged status Not for loan Location (home branch) Sublocation or collection (holding branch) Shelving location Date acquired Koha issues (times borrowed) Koha full call number Accession No. Koha date last seen Koha item type
        VIVEKANANDA LIBRARY VIVEKANANDA LIBRARY IMSAR Library 01/07/2015   658.4092 O 2 L (2) 342743 17/09/2023 Books
        VIVEKANANDA LIBRARY VIVEKANANDA LIBRARY IMSAR Library 01/07/2015   658.4092 O 2 L (2) 342744 17/09/2023 Books
© Designed and Maintained by Vivekananda Library, MDU Rohtak